LEADER 00958nam a2200265 i 4500 001 000000160362 003 CaOOAMICUS 005 20240422171110.0 008 070319s1977 it u000 u ita u 013 $a137725 040 $aSeMil$bita 100 1 $aMartucci, Donato.$0(OLS)http://semarc/name/42229 245 10$aBersaglio 65 :$banticipo di un epitaffio /$cDonato Martucci. 260 $aMilano :$bRusconi,$c1977. 300 $a203 p. ;$c22 cm. 490 0 $aGli umorlibri ;$v11 500 $aFondo Card. Giovanni Colombo. 830 4$aGli umorlibri ;$v11.$0(OLS)http://semarc/title/22907 850 $aSeMil 852 $aSeMil$W1$xVenegono$y1$m1E II 59$j111837$B111837$CSeMilBibl$Z2$F121753 $81 941 1 $a3 961 $aLascito: Colombo Card. Giovanni 996 $6245$aBersaglio 65 :$banticipo di un epitaffio$9(OLS)http://semarc/title/142965 996 $6260$aMilano :$bRusconi$9(OLS)http://semarc/publisher/30258 LEADER 01262nam a2200229 i 4500 001 000000245081 003 CaOOAMICUS 005 20151015000000.0 008 151015n it u000 u ita u 013 $a223986 040 $aSeMil$bita 245 13$aLa Scuola Democratica :$bla riforma della scuola secondaria superiore. L'iniziativa della DC. Il documento della Direzione Centrale. L'incontro nazionale di Roma del maggio 1971. Le relazioni, le comunicazioni, gli interventi. 260 $a[S.l.] :$bCinque Lune,$c199?] 300 $a518 p. ;$c21 cm. 490 0 $aProgramma DC ;$v6 650 4$aDemocrazia Cristiana <1943-1994> - Politica scolastica.$0(OLS)http://semarc/subject/42194 830 0$aProgramma DC ;$v6.$0(OLS)http://semarc/title/39649 850 $aSeMil 852 $aSeMil$W1$xVenegono$y1$m3N III 255$j195427$B195427$CSeMilBibl$Z2$F207866 $81 961 $aOmaggio: Martinelli don Romano 996 $6245$aLa Scuola Democratica :$bla riforma della scuola secondaria superiore. L'iniziativa della DC. Il documento della Direzione Centrale. L'incontro nazionale di Roma del maggio 1971. Le relazioni, le comunicazioni, gli interventi$9(OLS)http://semarc/title/346847 996 $6260$a[S.l.] :$bCinque Lune$9(OLS)http://semarc/publisher/41133